Представление документа в формате RUSMARC

ПолеНазваниеЗначение
  Тип записи c
  Библиографический уровень m
001 Контрольный номер RU/УОНБ/EK_N/413978372
005 Дата корректировки 20250417163748.3
013 Номер (ISMN) __
d Цена 503 р. 10 к.
071 Издательские номер (звукозапись и ноты) 21
a Номер, присвоенный агентством 31605c
100 Данные общей обработки __
a Данные общей обработки 20130212d1993 u y0rusy0189 ba
101 Язык документа 0_
a Язык текста ger
a Язык текста eng
c Язык оригинала ger
f Язык титульного листа ger
102 Страна публикации __
a Страна публикации DE
125 Кодированные данные звукозаписи и нотных изданий __
a Форма изложения нотного текста z|
128 Кодированные данные (звукозаписи-физические характеристики) __
a Кодированные данные: Музыкальная форма и тональность или лад zz
c Инструменты или голоса, рекомендуемые для солистов (устаревшее) wa||
200 Заглавие и сведения об ответственности 1_
a Заглавие Romantik
210 Выходные данные 1_
d Дата издания cop. 1993
215 Физическое описание __
a Объем 86 c.
327 Примечание о содержании 11
a Примечание о содержании Содерж.: Drouet L. Preludes ; Cadences. - Tulou J. L. Theme varie in G op. 89. - Kuhlau F. Divertimento Nr. 5 in G op. 68 Nr. 5 ; Fantasia in D op. 38 Nr. 1. - Gabrielsky J. W. Adagio in D op. 65 Nr. 1 ; Fantasie in D op. 64. - Keller Ch. Divertissement in D op. 16 Nr. 1 ; Fantasie in g op. 28 Nr. 1. - Furstenau A. B. Amusements pour la flute seule op. 57 ; Polonaise in A op.80 ; Aus : Flotenschule op. 42. - Kummer K. Fantasie in D op. 33 Nr. 1 ; Fantasie in C op. 33 Nr. 3. - Mercadante S. Variationen uber eine Arie aus Rossini's Armide. - Briccialdi G. Variationen uber "Qual cor tradisti" ; Adagio in c. - Krakamp E. "La Napoletana" op. 75 Nr. 3. - Gariboldi G. Cappriccio sopra un tema arabo. - Donjon J. Elegie-Etude ; "Le chant du vent". - Kohler E. Adagio patetico.
461 Уровень набора _0
1 2001
a Die Soloflote
d Соло для флейты
e eine Sammlung reprasentativer Werke fur Querflote allein vom Barock bis zur Gegenwart
f hrsg. und Nachwort von Mirjam Nastasi
v Band 3
1 2101
a Frankfurt
c C. F. Peters
d 1991 -
1 001RU/УОНБ/EK_N/413976844
1 2251
a Edition Peters
464 Аналитический уровень _0
1 2001
a Preludes
1 700 1
a Drouet
b L.
g Louis
f 1792-1873
464 Аналитический уровень _0
1 2001
a Cadences
1 700 1
a Drouet
b L.
g Louis
f 1792-1873
464 Аналитический уровень _0
1 2001
a Theme varie in G
e op. 89
1 700 1
a Tulou
b J. L.
g Jean Louis
f 1786-1865
464 Аналитический уровень _0
1 2001
a Divertimento Nr. 5 in G
e op. 68 Nr. 5
1 700 1
a Kuhlau
b F.
g Friedrich
f 1786-1832
464 Аналитический уровень _0
1 2001
a Fantasia in D
e op. 38 Nr. 1
1 700 1
a Kuhlau
b F.
g Friedrich
f 1786-1832
464 Аналитический уровень _0
1 2001
a Adagio in D
e op. 65 Nr. 1
1 700 1
a Gabrielsky
b J. W.
g Johann W.
f 1791-1846
464 Аналитический уровень _0
1 2001
a Fantasie in D
e pour la flute op. 64
1 700 1
a Gabrielsky
b J. W.
g Johann W.
f 1791-1846
464 Аналитический уровень _0
1 2001
a Divertissement in D
e op. 16 Nr. 1
1 700 1
a Keller
b Ch.
g Charles
f 1784-1855
464 Аналитический уровень _0
1 2001
a Fantasie in g/G
e op. 28 Nr. 1
1 700 1
a Keller
b Ch.
g Charles
f 1784-1855
464 Аналитический уровень _0
1 2001
a Amusements
e pour la flute seule op. 57
1 700 1
a Furstenau
b A. B.
g Anton B.
f 1792-1853
464 Аналитический уровень _0
1 2001
a Polonaise in A
e op.80
1 700 1
a Furstenau
b A. B.
g Anton B.
f 1792-1853
464 Аналитический уровень _0
1 2001
a Aus : Flotenschule
e op. 42
1 700 1
a Furstenau
b A. B.
g Anton B.
f 1792-1853
464 Аналитический уровень _0
1 2001
a Fantasie in D
e op. 33 Nr. 1
1 700 1
a Kummer
b K.
g Kaspar
f 1795-1870
464 Аналитический уровень _0
1 2001
a Fantasie in C
e op. 33 Nr. 3
1 700 1
a Kummer
b K.
g Kaspar
f 1795-1870
464 Аналитический уровень _0
1 2001
a Variationen
e uber eine Arie aus Rossini's Armide
1 700 1
a Mercadante
b S.
g Saverio
f 1795-1870
464 Аналитический уровень _0
1 2001
a "Qual cor tradisti"
e Variationen uber ein Thema aus Bellini's "Norma"
1 700 1
a Briccialdi
b G.
g Giulio
f 1818-1881
464 Аналитический уровень _0
1 2001
a Adagio
e in c
1 700 1
a Briccialdi
b G.
g Giulio
f 1818-1881
464 Аналитический уровень _0
1 2001
a "La Napoletana"
e op. 75 Nr. 3
1 700 1
a Krakamp
b E.
g Emanuele
f 1813-1883
464 Аналитический уровень _0
1 2001
a Cappriccio
e sopra un tema arabo
1 700 1
a Gariboldi
b G.
g Giuseppe
f 1833-1905
464 Аналитический уровень _0
1 2001
a Elegie-Etude
1 700 1
a Donjon
b J.
g Jean
f 1839-1912
464 Аналитический уровень _0
1 2001
a Le Chant du Vent
1 700 1
a Donjon
b J.
g Jean
f 1839-1912
464 Аналитический уровень _0
1 2001
a Adagio patetico
1 700 1
a Kohler
b E.
g Ernesto
f 1849-1907
500 Унифицированное заглавие 10
a Унифицированное заглавие Флейта
606 Тематические рубрики 0_
a Основная рубрика Флейта
x Основная подрубрика Пьесы
610 Ключевые слова 0_
a Ключевые слова флейта
610 Ключевые слова 0_
a Ключевые слова пьесы
610 Ключевые слова 0_
a Ключевые слова барокко
686 Индексы других классификаций __
a Классификационный индекс 85.957.22я43
2 Код системы rubbk
801 Источник записи _0
a Страна RU
b Организация Ульяновская ОНБ
c Дата составления 20130212
g Правила каталогизации RCR
801 Источник записи _1
a Страна RU
b Организация Ульяновская ОНБ
c Дата составления 20130212
g Правила каталогизации RCR
901 Тип документа __
t Тип документа n
w Контрольный № источника RU/УОНБ/EK_N/413976844
909 Создатель записи __
a Создатель записи Сергеева Н. С.
910 Корректоры записи __
a Корректор записи Никитина Т. А.
b Дата внесения изменения в запись 20250417
938 Служебная информация __
a Имя БД noti
b Имя библиотеки УОНБ
c Имя АИБС МАРК-SQL
d Номер DOC_ID в БД 10945